| 000 | 00757nam a2200181 4500 | ||
|---|---|---|---|
| 005 | 20260327205800.0 | ||
| 008 | - | ||
| 020 | _a9789930970867 Volumen 1 | ||
| 040 |
_aBiblioteca LadoV Teorética _cBiblioteca LadoV Teorética _erda |
||
| 082 | 0 | 4 |
_a724.6 _bM743a |
| 100 | 1 |
_aMonge Cortés, Paz _9547 |
|
| 245 | 1 | 0 |
_aAcercamientos a lo tropical : _bun breve recuento de la arquitectura contemporánea en Costa Rica / _cpor Paz Monge Cortés, José Daniel Picado García , Daniel Soto Morúa. |
| 260 | 1 |
_aCosta Rica : _bMuseo de Arte y Diseño Contemporáneo, _c2021 |
|
| 300 |
_a50 páginas : _bilustraciones a color ; _c24 x 21 cm. |
||
| 490 | 0 |
_aAcercamientos a lo tropical _vVolumen 1 |
|
| 650 | 4 | _aARQUITECTURA COSTARRICENSE - TEORÍA. | |
| 942 |
_2ddc _c1 _n0 |
||
| 999 |
_c4624 _d4624 |
||